[Event "EICC 2021"]
[Site "Reykjavik"]
[Date "2021.08.28"]
[Round "3.32"]
[White "Nguyen, Thai Dai Van"]
[Black "Lubbe, Nikolas"]
[Result "1-0"]
[WhiteElo "2588"]
[BlackElo "2427"]
[Annotator "TA"]
[PlyCount "113"]
[EventDate "2021.08.26"]
[EventType "swiss"]
[EventCountry "ISL"]
[Tiebreak "Cut1 Buchholz"]
[SourceTitle "playchess.com"]
[Source "ChessBase"]
[SourceQuality "1"]

{[%evp 12,113,10,7,18,7,39,15,20,14,12,12,43,41,48,48,25,28,40,0,0,-8,72,82,72,
68,74,62,64,70,371,360,386,389,388,387,361,225,246,246,227,215,220,246,291,291,
291,291,291,291,291,291,375,371,369,0,311,311,377,370,340,0,0,0,349,252,345,
282,311,305,304,199,199,199,199,199,199,199,199,199,187,187,186,184,177,170,
470,433,795,788,788,781,781,766,766,751,751,746,743,736,703,703,695,695]} 1.
Nf3 d5 2. g3 Nf6 3. Bg2 e6 4. O-O Be7 5. c4 O-O 6. d4 c6 7. Nc3 a5 {E06:
Closed Catalan: Early deviations.} 8. Re1 $5 {[%mdl 4] A promising side line.}
b6 9. Nd2 Ba6 {The position is equal.} 10. cxd5 cxd5 11. e4 {[#]} dxe4 $146 ({
Predecessor:} 11... Nc6 12. exd5 Nxd5 13. Nxd5 exd5 14. Nb1 Bf6 15. Be3 Rc8 16.
Nc3 Ne7 17. Qh5 Bd3 {1-0 (52) Niemann,H (2484)-Stankovic,M (2442) Paracin 2021}
) 12. Ndxe4 Ra7 13. Nxf6+ Bxf6 14. d5 Rd7 15. Qh5 g6 16. Qf3 exd5 (16... Bb7 $1
$11 {remains equal.}) 17. Bh6 $16 Bb7 18. Bxf8 Kxf8 19. Bh3 $36 {[%mdl 2048]
Black is under pressure.} d4 20. Ne4 Be5 {[%mdl 8192] [#]} (20... Rd6 $14) 21.
Bxd7 $18 Nxd7 22. Qa3+ Kg7 23. Nd6 Ba8 24. f4 Bxd6 25. Qxd6 Qc8 26. Qxd4+ Nf6
27. Re2 (27. Qxb6 $6 Qc2 $16) 27... Qc6 28. Kf2 Qf3+ 29. Ke1 Qh1+ 30. Kd2 Qxa1
{[#]} 31. g4 $1 {[%cal Rg4g5] And now g5 would win.} Qh1 {With the idea ...Qd5.
} ({Don't play} 31... Qxa2 32. g5 $18) 32. g5 {[%mdl 64] Pin} Qc6 33. Re7 $2 (
33. gxf6+ Qxf6 34. Qxf6+ Kxf6 $18) ({White should play} 33. Qxf6+ $18 Qxf6 34.
gxf6+ Kxf6 35. Re8) 33... h6 $2 {[%mdl 8192]} 34. h4 ({But not} 34. Qxf6+ Qxf6
35. gxf6+ Kxf6 $18) 34... Qg2+ 35. Re2 Qc6 36. Re7 ({Don't do} 36. gxf6+ $6 Kh7
$18) 36... Qg2+ $1 37. Re2 Qc6 {White now steadily converts the win.} 38. gxf6+
Qxf6 {[%mdl 4096] Endgame KQR-KQB} 39. Kc3 Bc6 40. a3 a4 41. Qxf6+ Kxf6 {KR-KB}
42. Re5 Bd7 43. Kd4 Bc6 44. Kc4 Bd7 45. Kd5 Bf5 46. Kd6 Bd3 47. Kc7 b5 48. Kd8
Kg7 $2 (48... Bc4 {is a better defense.} 49. Kd7 Bd3) 49. Ke7 {White is
clearly winning.} f5 (49... Bc4 $142 50. Kd6 Kf6) 50. Re6 Bf1 51. Rf6 Bc4 52.
Rb6 Bd3 53. Rd6 Bc4 54. Kd7 Be2 55. Kc6 Bc4 56. Kc5 Be2 57. Kd4 {Weighted
Error Value: White=0.28/Black=0.40} 1-0

[Event "EICC 2021"]
[Site "Reykjavik"]
[Date "2021.08.28"]
[Round "3.33"]
[White "Can, Emre"]
[Black "Mazur, Stefan"]
[Result "1/2-1/2"]
[WhiteElo "2569"]
[BlackElo "2416"]
[Annotator "RC"]
[PlyCount "129"]
[EventDate "2021.08.26"]
[EventType "swiss"]
[EventCountry "ISL"]
[Tiebreak "Cut1 Buchholz"]
[SourceTitle "playchess.com"]
[Source "ChessBase"]
[SourceQuality "1"]
[TimeControl "40/5400+30:1800+30"]

1. d4 {[%emt 0:00:08]} d5 {[%emt 0:01:20]} 2. c4 {[%emt 0:01:15]} e5 {[%emt 0:
00:23]} 3. dxe5 {[%emt 0:00:58]} Ne7 {[%emt 0:00:13]} 4. cxd5 {[%emt 0:01:18]}
Qxd5 {[%emt 0:00:09]} 5. Qxd5 {[%emt 0:00:11]} Nxd5 {[%emt 0:00:07]} 6. a3 {
[%emt 0:00:22]} Nc6 {[%emt 0:00:36]} 7. Nf3 {[%emt 0:02:27]} h6 {[%emt 0:00:27]
} 8. e4 {[%emt 0:01:35]} Nb6 {[%emt 0:00:16]} 9. Be3 {[%emt 0:01:13]} Bd7 {
[%emt 0:00:32]} 10. b4 {[%emt 0:01:21]} g5 {[%emt 0:00:47]} 11. b5 {[%emt 0:06:
10]} Na5 {[%emt 0:00:09]} 12. Nbd2 {[%emt 0:00:28]} c5 {[%emt 0:00:39]} 13.
bxc6 {[%emt 0:19:59]} Nxc6 {[%emt 0:00:32]} 14. h4 {[%emt 0:05:19]} g4 {
[%emt 0:07:45]} 15. Nd4 {[%emt 0:00:19]} Nxe5 {[%emt 0:06:24]} 16. Nb5 {
[%emt 0:04:23]} Bxb5 {[%emt 0:00:51]} 17. Bxb5+ {[%emt 0:00:08]} Nbd7 {[%emt 0:
00:09]} 18. Nc4 {[%emt 0:12:23]} Nxc4 {[%emt 0:06:34]} 19. Bxc4 {[%emt 0:00:05]
} Bc5 {[%emt 0:02:07]} 20. Ke2 {[%emt 0:13:34]} Bxe3 {[%emt 0:09:39]} 21. Kxe3
{[%emt 0:00:07]} Rc8 {[%emt 0:00:35]} 22. Rac1 {[%emt 0:07:39]} Ke7 {[%emt 0:
02:57]} 23. h5 {[%emt 0:05:06]} Rc5 {[%emt 0:06:08]} 24. Be2 {[%emt 0:10:04]}
Rhc8 {[%emt 0:09:25]} 25. Rxc5 {[%emt 0:00:09]} Rxc5 {[%emt 0:00:20]} 26. Bxg4
{[%emt 0:00:22]} Rc3+ {[%emt 0:03:26]} 27. Kd4 {[%emt 0:01:49]} Rxa3 {[%emt 0:
00:13]} 28. Bxd7 {[%emt 0:03:24]} Kxd7 {[%emt 0:00:07]} 29. Ke5 {[%emt 0:00:18]
} Ra2 {[%emt 0:05:23]} 30. f4 {[%emt 0:01:32]} Ke7 {[%emt 0:00:23]} 31. Kf5 {
[%emt 0:00:44]} Rxg2 {[%emt 0:08:37]} 32. Rb1 {[%emt 0:00:07]} b6 {[%emt 0:00:
20]} 33. Rc1 {[%emt 0:01:23]} Rd2 {[%emt 0:04:00]} 34. Rc6 {[%emt 0:00:17]} b5
{[%emt 0:10:22]} 35. Rxh6 {[%emt 0:00:07]} Rh2 {[%emt 0:00:38]} 36. Ra6 {
[%emt 0:00:47]} Rxh5+ {[%emt 0:05:32]} 37. Kg4 {[%emt 0:00:07]} Rh1 {[%emt 0:
07:58]} 38. Rxa7+ {[%emt 0:00:37]} Ke6 {[%emt 0:00:21]} 39. Ra6+ {[%emt 0:00:
18]} Ke7 {[%emt 0:00:45]} 40. Rb6 {[%emt 0:00:20]} Rb1 {[%emt 0:01:31]} 41. Kf5
{[%emt 0:30:28]} Rh1 {[%emt 0:02:46]} 42. Ke5 {[%emt 0:00:00]} Rc1 {[%emt 0:01:
07]} 43. Rxb5 {[%emt 0:00:00]} Rc7 {[%emt 0:01:08]} 44. Kf5 {[%emt 0:00:00]}
Ra7 {[%emt 0:00:51]} 45. Rb6 {[%emt 0:00:00]} Ra5+ {[%emt 0:02:12]} 46. e5 {
[%emt 0:00:00]} Ra1 {[%emt 0:01:07]} 47. Rb7+ {[%emt 0:00:00]} Kf8 {[%emt 0:01:
18]} 48. Kg5 {[%emt 0:00:00]} Rg1+ {[%emt 0:01:04]} 49. Kf6 {[%emt 0:00:00]}
Rg6+ {[%emt 0:00:06]} 50. Kf5 {[%emt 0:00:00]} Ra6 {[%emt 0:00:08]} 51. Rd7 {
[%emt 0:00:00]} Rh6 {[%emt 0:01:56]} 52. Rd6 {[%emt 0:00:00]} Rh5+ {[%emt 0:00:
17]} 53. Kf6 {[%emt 0:00:00]} Rh6+ {[%emt 0:00:04]} 54. Kg5 {[%emt 0:00:00]}
Rh1 {[%emt 0:00:12]} 55. f5 {[%emt 0:00:00]} Ke7 {[%emt 0:00:22]} 56. Rd3 {
[%emt 0:00:00]} f6+ {[%emt 0:08:50]} 57. exf6+ {[%emt 0:00:00]} Kf7 {[%emt 0:
00:05]} 58. Rd7+ {[%emt 0:00:00]} Kf8 {[%emt 0:00:07]} 59. f7 {[%emt 0:00:00]}
Rg1+ {[%emt 0:00:18]} 60. Kf4 {[%emt 0:00:00]} Ra1 {[%emt 0:01:01]} 61. Ke5 {
[%emt 0:00:03]} Ra6 {[%emt 0:00:33]} 62. Rd8+ {[%emt 0:00:54]} Kxf7 {[%emt 0:
00:09]} 63. Rd7+ {[%emt 0:00:07]} Kf8 {[%emt 0:00:14]} 64. Rh7 {[%emt 0:00:10]}
Rb6 {[%emt 0:00:08]} 65. Rd7 {[%emt 0:00:13]} 1/2-1/2

[Event "EICC 2021"]
[Site "Reykjavik"]
[Date "2021.08.28"]
[Round "3.34"]
[White "Pantsulaia, Levan"]
[Black "Heimisson, Hilmir Freyr"]
[Result "1-0"]
[WhiteElo "2564"]
[BlackElo "2309"]
[Annotator "ChessBase"]
[PlyCount "69"]
[EventDate "2021.08.26"]
[EventType "swiss"]
[EventCountry "ISL"]
[Tiebreak "Cut1 Buchholz"]
[SourceTitle "playchess.com"]
[Source "ChessBase"]
[SourceQuality "1"]
[TimeControl "40/5400+30:1800+30"]

1. c4 {[%emt 0:00:06]} c5 {[%emt 0:01:51]} 2. Nf3 {[%emt 0:00:35]} Nc6 {
[%emt 0:00:08]} 3. Nc3 {[%emt 0:00:08]} Nf6 {[%emt 0:00:52]} 4. g3 {[%emt 0:00:
19]} d5 {[%emt 0:02:14]} 5. cxd5 {[%emt 0:00:28]} Nxd5 {[%emt 0:00:08]} 6. Bg2
{[%emt 0:00:08]} g6 {[%emt 0:03:14]} 7. h4 {[%emt 0:01:56]} h6 {[%emt 0:07:26]}
8. d3 {[%emt 0:01:17]} Bg7 {[%emt 0:01:39]} 9. Bd2 {[%emt 0:00:09]} Nc7 {
[%emt 0:06:52]} 10. a3 {[%emt 0:09:40]} Be6 {[%emt 0:27:33]} 11. Rb1 {[%emt 0:
07:52]} Rc8 {[%emt 0:09:45]} 12. O-O {[%emt 0:07:22]} O-O {[%emt 0:01:57]} 13.
b4 {[%emt 0:06:29]} c4 {[%emt 0:04:00]} 14. Qc1 {[%emt 0:05:36]} Kh7 {[%emt 0:
05:07]} 15. dxc4 {[%emt 0:11:07]} Bxc4 {[%emt 0:02:30]} 16. Rd1 {[%emt 0:00:13]
} Qe8 {[%emt 0:00:47]} 17. h5 {[%emt 0:03:57]} Ne6 {[%emt 0:01:35]} 18. Qc2 {
[%emt 0:07:00]} Ncd4 {[%emt 0:04:04]} 19. Nxd4 {[%emt 0:00:07]} Nxd4 {[%emt 0:
00:05]} 20. Qe4 {[%emt 0:00:25]} Rc6 {[%emt 0:13:53]} 21. Bxh6 {[%emt 0:16:16]}
Nxe2+ {[%emt 0:00:32]} 22. Nxe2 {[%emt 0:00:07]} Bxh6 {[%emt 0:00:10]} 23. Nf4
{[%emt 0:02:13]} e5 {[%emt 0:03:05]} 24. Re1 {[%emt 0:02:18]} Bxf4 {[%emt 0:01:
38]} 25. gxf4 {[%emt 0:00:07]} Qe6 {[%emt 0:01:07]} 26. fxe5 {[%emt 0:01:27]}
Rc7 {[%emt 0:00:42]} 27. Rbd1 {[%emt 0:01:06]} Qf5 {[%emt 0:00:20]} 28. hxg6+ {
[%emt 0:04:35]} fxg6 {[%emt 0:00:01]} 29. Qh4+ {[%emt 0:00:11]} Kg7 {[%emt 0:
03:39]} 30. Rd6 {[%emt 0:03:32]} Rcf7 {[%emt 0:00:00]} 31. e6 {[%emt 0:00:28]}
Rh8 {[%emt 0:00:00]} 32. Qd4+ {[%emt 0:01:12]} Rf6 {[%emt 0:00:00]} 33. Rd7+ {
[%emt 0:00:10]} Kg8 {[%emt 0:00:00]} 34. e7 {[%emt 0:00:31]} Rh1+ {[%emt 0:00:
02]} 35. Bxh1 {[%emt 0:00:20]} 1-0

[Event "EICC 2021"]
[Site "Reykjavik"]
[Date "2021.08.28"]
[Round "3.35"]
[White "Banusz, Tamas"]
[Black "Kjartansson, David"]
[Result "1-0"]
[WhiteElo "2631"]
[BlackElo "2326"]
[Annotator "TA"]
[PlyCount "37"]
[EventDate "2021.08.26"]
[EventType "swiss"]
[EventCountry "ISL"]
[Tiebreak "Cut1 Buchholz"]
[SourceTitle "playchess.com"]
[Source "ChessBase"]
[SourceQuality "1"]

{[%evp 13,37,28,20,25,17,31,37,40,45,58,42,56,142,187,276,253,365,363,366,366,
365,365,477,477,585,577]} 1. d4 Nf6 2. Nf3 e6 3. g3 d5 4. Bg2 Be7 5. c4 O-O 6.
O-O dxc4 7. Qc2 b5 8. a4 {E05: Open Catalan: 5 Nf3 Be7.} b4 9. Nfd2 Nd5 {
is more profitable than 9...c6 at the moment.} 10. Nxc4 {White is slightly
better.} Ba6 11. Rd1 c5 {With the idea ...cxd4.} 12. e4 {[#]} Nb6 $146 ({
Black should try} 12... Nf6 $14) ({Predecessor:} 12... Nf6 13. d5 Bxc4 14. Qxc4
Nc6 15. Bf4 e5 16. Qf1 exf4 17. dxc6 Qc7 18. Nd2 Ng4 {1-0 (34) Edouard,R (2640)
-Ladron de Guevara Pinto,P (2447) Barcelona 2019}) 13. dxc5 $16 b3 (13... Nxc4
{was necessary.} 14. Rxd8 Rxd8) 14. Rxd8 $18 bxc2 (14... Rxd8 {keeps fighting.}
15. Qxb3 Nxc4) 15. Rxf8+ Kxf8 16. cxb6 cxb1=Q ({But not} 16... cxb1=R 17. Rxb1
axb6 18. Nxb6 $18) 17. Rxb1 Nc6 {[#]} ({Wrong is} 17... Bxc4 $2 18. b7 $18) 18.
e5 $1 Rd8 {Hoping for ...Rd1+.} (18... Bb7 19. b4) 19. Bxc6 {Black did not
feel at home in the position after the opening.  Weighted Error Value: White=0.
00/Black=0.45} 1-0

[Event "EICC 2021"]
[Site "Reykjavik"]
[Date "2021.08.28"]
[Round "3.36"]
[White "Aizenberg, Benny"]
[Black "Bosiocic, Marin"]
[Result "1-0"]
[WhiteElo "2309"]
[BlackElo "2610"]
[Annotator "TA"]
[PlyCount "73"]
[EventDate "2021.08.26"]
[EventType "swiss"]
[EventCountry "ISL"]
[Tiebreak "Cut1 Buchholz"]
[SourceTitle "playchess.com"]
[Source "ChessBase"]
[SourceQuality "1"]

{[%evp 14,73,34,30,41,25,22,7,7,5,12,17,23,16,44,19,68,76,77,69,68,66,72,61,
145,139,135,124,127,107,94,85,118,91,115,108,254,37,139,154,194,187,318,308,
318,323,387,366,390,341,417,425,519,521,539,560,549,546,29987,29988,29988,
29989]} 1. e4 c5 2. Nf3 Nc6 3. d4 cxd4 4. Nxd4 e5 5. Nb5 d6 6. N1c3 a6 7. Na3
Be7 8. Nc4 b5 {B32: Sicilian: Löwenthal and Kalashnikov Variations.} 9. Ne3 Nf6
10. Ned5 O-O {The position is equal.} 11. Bd3 Be6 12. O-O b4 13. Nxf6+ Bxf6 14.
Nd5 {[#]} Bxd5 $146 ({Predecessor:} 14... a5 15. a3 Rb8 16. axb4 axb4 17. Ra6
Bxd5 18. exd5 Ne7 19. Qf3 Ra8 20. Bd2 Rxa6 21. Bxa6 {0-1 (36) Mitkovski,Z 
(2151)-Ikonnikov,V (2553) Graz 2011}) 15. exd5 Ne7 16. Qf3 a5 17. a3 Rb8 18.
Bd2 Kh8 (18... Ng6 $14) 19. axb4 $16 axb4 20. Ra7 $40 {[%mdl 128] White is out
for blood.} b3 21. cxb3 Rxb3 22. Bc3 Bg5 23. Qg4 h6 24. h4 Bf4 {[#]} (24... Bd2
$16) 25. Qd7 $2 (25. Rxe7 $1 $18 {[%mdl 512] Hoping for Qf5!} Qxe7 26. Qf5 Bh2+
{[%mdl 64] Decoy} 27. Kxh2 Qxh4+ 28. Kg1) 25... Qxd7 (25... Nxd5 $14 26. Qxd8
Rxd8) 26. Rxd7 Nxd5 27. Bc4 Nxc3 (27... Rxc3 $142 28. bxc3 Nxc3) 28. Bxb3 $18
Ne2+ 29. Kh1 f5 30. Bc4 Nd4 31. Rxd6 h5 32. g3 Bh6 33. f4 Nc2 34. fxe5 {
Black must now prevent e6.} Ne3 {[#]} 35. e6 $1 {e7 would kill now.} Kh7 {[#]}
(35... Nxc4 36. e7) 36. e7 $1 Re8 37. Bf7 {[%mdl 64] Double Attack.  Weighted
Error Value: White=0.20/Black=0.54} 1-0

[Event "EICC 2021"]
[Site "Reykjavik"]
[Date "2021.08.28"]
[Round "3.37"]
[White "Van Foreest, Lucas"]
[Black "Pein, Malcolm"]
[Result "1-0"]
[WhiteElo "2544"]
[BlackElo "2309"]
[Annotator "ChessBase"]
[PlyCount "121"]
[EventDate "2021.08.26"]
[EventType "swiss"]
[EventCountry "ISL"]
[Tiebreak "Cut1 Buchholz"]
[SourceTitle "playchess.com"]
[Source "ChessBase"]
[SourceQuality "1"]
[TimeControl "40/5400+30:1800+30"]

1. e4 {[%emt 0:00:10]} e5 {[%emt 0:00:14]} 2. Nf3 {[%emt 0:00:12]} Nc6 {
[%emt 0:00:07]} 3. Bc4 {[%emt 0:00:42]} Nf6 {[%emt 0:01:13]} 4. d3 {[%emt 0:00:
42]} Bc5 {[%emt 0:00:39]} 5. O-O {[%emt 0:00:28]} d6 {[%emt 0:03:02]} 6. c3 {
[%emt 0:00:24]} a6 {[%emt 0:00:31]} 7. a4 {[%emt 0:01:58]} Ba7 {[%emt 0:01:39]}
8. h3 {[%emt 0:01:35]} Qe7 {[%emt 0:03:28]} 9. b4 {[%emt 0:07:04]} Be6 {
[%emt 0:07:36]} 10. Bb3 {[%emt 0:24:43]} Bxb3 {[%emt 0:06:52]} 11. Qxb3 {
[%emt 0:00:11]} O-O {[%emt 0:01:44]} 12. Nbd2 {[%emt 0:04:40]} Qe6 {[%emt 0:04:
14]} 13. Qxe6 {[%emt 0:00:59]} fxe6 {[%emt 0:00:04]} 14. g3 {[%emt 0:03:26]} d5
{[%emt 0:10:39]} 15. Kg2 {[%emt 0:04:33]} b5 {[%emt 0:06:02]} 16. Re1 {[%emt 0:
03:46]} dxe4 {[%emt 0:12:56]} 17. dxe4 {[%emt 0:07:26]} Rad8 {[%emt 0:01:41]}
18. Re2 {[%emt 0:02:11]} Bb6 {[%emt 0:11:17]} 19. Bb2 {[%emt 0:00:21]} Ne8 {
[%emt 0:03:28]} 20. Nf1 {[%emt 0:03:19]} Rd3 {[%emt 0:04:10]} 21. Ne1 {[%emt 0:
02:27]} Rd7 {[%emt 0:00:47]} 22. Nf3 {[%emt 0:03:56]} Rd3 {[%emt 0:00:38]} 23.
N1h2 {[%emt 0:00:17]} Rd7 {[%emt 0:03:28]} 24. axb5 {[%emt 0:01:11]} axb5 {
[%emt 0:00:02]} 25. Ra8 {[%emt 0:02:38]} Nd6 {[%emt 0:01:31]} 26. Rxf8+ {
[%emt 0:00:22]} Kxf8 {[%emt 0:00:02]} 27. Bc1 {[%emt 0:01:07]} Nc4 {[%emt 0:05:
08]} 28. Nd2 {[%emt 0:00:21]} Nd6 {[%emt 0:01:23]} 29. Nhf3 {[%emt 0:01:59]} h6
{[%emt 0:00:35]} 30. Bb2 {[%emt 0:02:54]} Rd8 {[%emt 0:01:29]} 31. Re1 {
[%emt 0:00:31]} Ra8 {[%emt 0:00:22]} 32. Ra1 {[%emt 0:01:42]} Rxa1 {[%emt 0:00:
49]} 33. Bxa1 {[%emt 0:00:01]} Ke7 {[%emt 0:00:28]} 34. Bb2 {[%emt 0:00:17]}
Kf6 {[%emt 0:03:36]} 35. Kf1 {[%emt 0:01:01]} Kf7 {[%emt 0:01:48]} 36. Ke2 {
[%emt 0:00:07]} Ke7 {[%emt 0:00:44]} 37. Ne1 {[%emt 0:01:20]} Nd8 {[%emt 0:01:
55]} 38. Nd3 {[%emt 0:00:01]} N8f7 {[%emt 0:00:11]} 39. h4 {[%emt 0:00:33]} h5
{[%emt 0:00:41]} 40. f3 {[%emt 0:02:58]} Nc4 {[%emt 0:02:06]} 41. Nxc4 {
[%emt 0:30:59]} bxc4 {[%emt 0:30:07]} 42. Ne1 {[%emt 0:00:13]} c5 {[%emt 0:00:
00]} 43. Nc2 {[%emt 0:00:00]} Nd6 {[%emt 0:00:00]} 44. Ba3 {[%emt 0:00:00]} Nb5
{[%emt 0:00:00]} 45. bxc5 {[%emt 0:00:00]} Nxc3+ {[%emt 0:00:00]} 46. Kf1 {
[%emt 0:00:00]} Ba7 {[%emt 0:00:00]} 47. Bb2 {[%emt 0:00:00]} Nb5 {[%emt 0:00:
00]} 48. Bxe5 {[%emt 0:00:00]} g6 {[%emt 0:00:00]} 49. c6 {[%emt 0:00:00]} Bc5
{[%emt 0:00:00]} 50. Ke2 {[%emt 0:00:00]} Bd6 {[%emt 0:00:00]} 51. f4 {[%emt 0:
00:00]} Bxe5 {[%emt 0:01:20]} 52. fxe5 {[%emt 0:00:00]} Kd8 {[%emt 0:00:06]}
53. Ke3 {[%emt 0:00:00]} Kc7 {[%emt 0:00:37]} 54. Nd4 {[%emt 0:01:29]} Nxd4 {
[%emt 0:01:33]} 55. Kxd4 {[%emt 0:00:03]} c3 {[%emt 0:00:10]} 56. Kxc3 {
[%emt 0:00:05]} Kxc6 {[%emt 0:00:01]} 57. Kc4 {[%emt 0:01:14]} Kb6 {[%emt 0:00:
49]} 58. Kd4 {[%emt 0:00:41]} Kb5 {[%emt 0:00:35]} 59. Ke3 {[%emt 0:01:08]} Kc4
{[%emt 0:00:10]} 60. Kf4 {[%emt 0:00:41]} Kd4 {[%emt 0:00:08]} 61. g4 {[%emt 0:
19:54]} 1-0

[Event "EICC 2021"]
[Site "Reykjavik"]
[Date "2021.08.28"]
[Round "3.38"]
[White "Milikow, Yoav"]
[Black "Hillarp Persson, Tiger"]
[Result "0-1"]
[WhiteElo "2287"]
[BlackElo "2543"]
[Annotator "ChessBase"]
[PlyCount "60"]
[EventDate "2021.08.26"]
[EventType "swiss"]
[EventCountry "ISL"]
[Tiebreak "Cut1 Buchholz"]
[SourceTitle "playchess.com"]
[Source "ChessBase"]
[SourceQuality "1"]
[TimeControl "40/5400+30:1800+30"]

1. d4 {[%emt 0:00:04]} Nf6 {[%emt 0:00:07]} 2. c4 {[%emt 0:00:05]} g6 {[%emt 0:
00:06]} 3. Nc3 {[%emt 0:00:05]} Bg7 {[%emt 0:00:05]} 4. e4 {[%emt 0:00:07]} d6
{[%emt 0:00:05]} 5. Be2 {[%emt 0:00:08]} O-O {[%emt 0:00:07]} 6. Be3 {[%emt 0:
00:04]} Na6 {[%emt 0:00:18]} 7. Nf3 {[%emt 0:01:57]} e5 {[%emt 0:00:09]} 8. d5
{[%emt 0:00:18]} Ng4 {[%emt 0:00:09]} 9. Bg5 {[%emt 0:00:29]} f6 {[%emt 0:00:
09]} 10. Bh4 {[%emt 0:00:21]} h5 {[%emt 0:00:07]} 11. Nd2 {[%emt 0:04:16]} Nh6
{[%emt 0:00:16]} 12. f3 {[%emt 0:02:29]} c5 {[%emt 0:01:06]} 13. a3 {[%emt 0:
07:26]} Nf7 {[%emt 0:01:55]} 14. Qb1 {[%emt 0:03:43]} Bh6 {[%emt 0:00:46]} 15.
Bf2 {[%emt 0:00:29]} Nc7 {[%emt 0:09:57]} 16. b4 {[%emt 0:04:17]} b6 {[%emt 0:
00:09]} 17. Bd1 {[%emt 0:04:22]} f5 {[%emt 0:16:58]} 18. h4 {[%emt 0:02:42]}
Ne8 {[%emt 0:15:07]} 19. Ba4 {[%emt 0:11:28]} Bd7 {[%emt 0:02:09]} 20. Bc6 {
[%emt 0:03:20]} Rc8 {[%emt 0:00:50]} 21. b5 {[%emt 0:00:43]} Nf6 {[%emt 0:02:
45]} 22. Ra2 {[%emt 0:06:14]} Rc7 {[%emt 0:02:02]} 23. a4 {[%emt 0:02:04]} Bc8
{[%emt 0:00:15]} 24. a5 {[%emt 0:02:40]} bxa5 {[%emt 0:02:11]} 25. Nb3 {
[%emt 0:01:37]} fxe4 {[%emt 0:01:02]} 26. Nxe4 {[%emt 0:00:41]} Bf5 {[%emt 0:
01:49]} 27. Ke2 {[%emt 0:05:25]} Bxe4 {[%emt 0:07:21]} 28. fxe4 {[%emt 0:00:08]
} Qc8 {[%emt 0:00:30]} 29. Kf1 {[%emt 0:03:12]} Ng4 {[%emt 0:06:17]} 30. Rh3 {
[%emt 0:01:35]} Nd8 {[%emt 0:01:23]} 0-1

[Event "EICC 2021"]
[Site "Reykjavik"]
[Date "2021.08.28"]
[Round "3.39"]
[White "Hjartarson, Johann"]
[Black "Sylvan, Jacob"]
[Result "1/2-1/2"]
[WhiteElo "2519"]
[BlackElo "2307"]
[Annotator "ChessBase"]
[PlyCount "82"]
[EventDate "2021.08.26"]
[EventType "swiss"]
[EventCountry "ISL"]
[Tiebreak "Cut1 Buchholz"]
[SourceTitle "playchess.com"]
[Source "ChessBase"]
[SourceQuality "1"]
[TimeControl "40/5400+30:1800+30"]

1. d4 {[%emt 0:00:35]} Nf6 {[%emt 0:00:14]} 2. c4 {[%emt 0:00:07]} e6 {[%emt 0:
00:06]} 3. Nc3 {[%emt 0:00:23]} Bb4 {[%emt 0:00:09]} 4. e3 {[%emt 0:00:36]} b6
{[%emt 0:01:41]} 5. Bd3 {[%emt 0:00:55]} Bb7 {[%emt 0:00:41]} 6. Nf3 {[%emt 0:
00:12]} Ne4 {[%emt 0:00:32]} 7. O-O {[%emt 0:00:14]} f5 {[%emt 0:01:20]} 8. Ne2
{[%emt 0:00:42]} Bd6 {[%emt 0:04:35]} 9. b3 {[%emt 0:00:38]} O-O {[%emt 0:02:
43]} 10. Bb2 {[%emt 0:00:17]} Be7 {[%emt 0:12:07]} 11. Ng3 {[%emt 0:05:28]} d5
{[%emt 0:07:32]} 12. cxd5 {[%emt 0:07:22]} exd5 {[%emt 0:01:33]} 13. Qe2 {
[%emt 0:00:15]} a5 {[%emt 0:05:59]} 14. a3 {[%emt 0:08:44]} Nd7 {[%emt 0:03:10]
} 15. Rfd1 Bd6 {[%emt 0:10:10]} 16. Ne5 {[%emt 0:02:56]} Qe7 {[%emt 0:02:12]}
17. f4 {[%emt 0:00:32]} Nxg3 {[%emt 0:07:46]} 18. hxg3 {[%emt 0:00:21]} c5 {
[%emt 0:00:54]} 19. a4 {[%emt 0:04:25]} Qe6 20. Rac1 {[%emt 0:31:02]} Nf6 {
[%emt 0:11:36]} 21. Rc2 Bxe5 {[%emt 0:07:16]} 22. dxe5 {[%emt 0:02:54]} Ng4 {
[%emt 0:00:43]} 23. Kf1 {[%emt 0:01:35]} Qh6 {[%emt 0:01:04]} 24. Ke1 {[%emt 0:
02:11]} Qh2 {[%emt 0:01:13]} 25. Kd2 {[%emt 0:01:39]} Qxg3 {[%emt 0:02:04]} 26.
Qf3 {[%emt 0:07:24]} Qf2+ {[%emt 0:11:21]} 27. Be2 {[%emt 0:02:11]} d4 {
[%emt 0:00:32]} 28. Qxf2 {[%emt 0:03:04]} Nxf2 {[%emt 0:00:26]} 29. exd4 {
[%emt 0:03:27]} Nxd1 {[%emt 0:01:07]} 30. Bc4+ {[%emt 0:00:12]} Kh8 {[%emt 0:
00:12]} 31. Kxd1 {[%emt 0:00:06]} Rfd8 {[%emt 0:02:51]} 32. e6 {[%emt 0:03:38]}
Bd5 {[%emt 0:01:25]} 33. e7 {[%emt 0:06:26]} Rd7 {[%emt 0:00:20]} 34. Re2 {
[%emt 0:03:46]} Bxc4 {[%emt 0:00:19]} 35. e8=Q+ {[%emt 0:00:17]} Rxe8 {[%emt 0:
00:04]} 36. Rxe8+ {[%emt 0:00:08]} Bg8 {[%emt 0:00:02]} 37. Rb8 {[%emt 0:01:05]
} Rd6 {[%emt 0:01:11]} 38. Ke2 {[%emt 0:02:19]} cxd4 {[%emt 0:00:08]} 39. Kd3 {
[%emt 0:00:47]} h5 {[%emt 0:00:38]} 40. Bxd4 {[%emt 0:00:16]} Kh7 {[%emt 0:00:
07]} 41. Rxb6 {[%emt 0:30:42]} Rxb6 {[%emt 0:32:01]} 1/2-1/2